000
00382nam a2200145Ia 4500
008
100122s9999 xx 000 0 und d
082
_b
70311
_a
823
100
_a
नाईक गुरुनाथ
245
_a
सरताज
260
_b
गीता एजन्सीज
_c
2006
300
_a
160
630
_a
सरताज
730
_a
सरताज
942
_c
BOOK
999
_c
441278
_d
441275